| 000 | 01021nam a2200229 a 4500 | ||
|---|---|---|---|
| 001 | 000006889 | ||
| 005 | 20200929154021.0 | ||
| 008 | 090903s1997 dr 000 0 spa d | ||
| 040 |
_aDO-SdBNP _bspa _cBNPHU |
||
| 082 |
_a461.07 _bZ68l |
||
| 100 | 1 |
_aZúñiga Lozano, Alicia _919119 |
|
| 245 | 1 | 0 |
_aLengua española : _belementos básicos de redacción activa / _cAlicia Zúñiga Lozano, Dominmgo Peña Nina. |
| 260 |
_aSanto Domingo : _bServicios Gráficos Artísticos, _c1997. |
||
| 300 |
_a272 p. ; _c23 cm. |
||
| 504 | _aIncluye bibliografías (p. 105) | ||
| 505 | 2 | _aLa comunicación humana -- El párrafo -- El resumen -- El lenguaje figurado -- El estilo -- La descripción -- La narración -- La exposición -- La titulación -- La oratoria -- Lecturas adicionales | |
| 650 | 4 |
_aEspañol _xEnseñanza _9406 |
|
| 650 | 4 |
_aEspañol _xGramática _xEnseñanza básica _919095 |
|
| 650 | 4 |
_aEspañol _xEjercicios de redacción _9522 |
|
| 650 | 4 |
_aEspañol _xEstilo _xRetórica _919120 |
|
| 700 | 1 |
_aPeña Nina, Domingo _919121 |
|
| 999 |
_c6677 _d6677 |
||